000 00593nam a2200241Ia 4500
001 UByD000389
003 AR-LpoUNG
005 20220428175527.0
008 220428s1964||||fr |||||||||||||| ||fre|d
040 _aAR-LpoUNG
_bspa
_cAR-LpoUNG
_eaacr
041 0 _afre
082 0 _aR103 94dic
100 1 _aJulia, Didier
245 1 0 _aDictionnaire de la philosophie
260 _aParĂ­s :
_bLarousse,
_c1964.
300 _a319 p.
650 4 _aDICCIONARIOS
650 4 _aFILOSOFIA
650 4 _aMATERIAL DE REFERENCIA
650 4 _aTERMINOLOGIA
905 _aCJPM508
942 _cLIB
_2ddc
999 _c62241
_d62241